В сетях интриг: роман

Bibliographische Detailangaben
1. Verfasser: Рой О. Олег
Zusammenfassung:Однажды преуспевающий американский литератор русского происхождения стал невольным свидетелем одного странного разговора. Две яркие женщины обсуждали за столиком фешенебельного ресторана, как сначала развести, а потом окольцевать олигарха. Павла Савельцева ошеломила не только раскованность подруг в обсуждении интимных сторон жизни (в Америке такого не услышишь!), но и разнообразие способов выйти замуж. Спустя год с небольшим господин сочинитель увидел одну из красавиц — с младенцем и в сопровождении известного бизнесмена. Они не выглядели счастливыми. А когда в их словесной перепалке были упомянуты название московского кладбища и дата смерти жены и детей, в писателе проснулся дух исследователя. В погоне за новым сюжетом Савельцев сам стал его героем...
Sprache:Russisch
Veröffentlicht: Москва, Эксмо, 2010
Schlagworte:
Format: MixedMaterials Buch
KOHA link:https://koha.lib.tpu.ru/cgi-bin/koha/opac-detail.pl?biblionumber=187703

MARC

LEADER 00000nam0a2200000 4500
001 187703
005 20231031174057.0
010 |a 9785699406692 
035 |a (RuTPU)RU\TPU\book\203667 
090 |a 187703 
100 |a 20101119d2010 m y0rusy50 ca 
101 0 |a rus 
102 |a RU 
105 |a y z 000ay 
200 1 |a В сетях интриг  |e роман  |f О. Рой 
210 |a Москва  |c Эксмо  |d 2010 
215 |a 384 с. 
330 |a Однажды преуспевающий американский литератор русского происхождения стал невольным свидетелем одного странного разговора. Две яркие женщины обсуждали за столиком фешенебельного ресторана, как сначала развести, а потом окольцевать олигарха. Павла Савельцева ошеломила не только раскованность подруг в обсуждении интимных сторон жизни (в Америке такого не услышишь!), но и разнообразие способов выйти замуж. Спустя год с небольшим господин сочинитель увидел одну из красавиц — с младенцем и в сопровождении известного бизнесмена. Они не выглядели счастливыми. А когда в их словесной перепалке были упомянуты название московского кладбища и дата смерти жены и детей, в писателе проснулся дух исследователя. В погоне за новым сюжетом Савельцев сам стал его героем... 
610 1 |a русская литература 
610 1 |a романы 
610 1 |a детективы 
675 |a Р2  |v 3 
700 1 |a Рой  |b О.  |g Олег 
801 1 |a RU  |b 63413507  |c 20101119 
801 2 |a RU  |b 63413507  |c 20101124  |g RCR 
942 |c BK